Library Banner

National accountability bureau ordinance, 1999 (XVIII of 1999) (Record no. 22773)

MARC details
000 -LEADER
fixed length control field 00507nam a2200169Ia 4500
001 - CONTROL NUMBER
control field 22518
008 - FIXED-LENGTH DATA ELEMENTS--GENERAL INFORMATION
fixed length control field 140409s9999 xx 000 0 und d
040 ## - CATALOGING SOURCE
Transcribing agency PK-LaUMT
082 ## - DEWEY DECIMAL CLASSIFICATION NUMBER
Classification number 346
Item number MIN-N
110 ## - MAIN ENTRY--CORPORATE NAME
Corporate name or jurisdiction name as entry element Ministry of Law, Govt of Pakistan
245 ## - TITLE STATEMENT
Title National accountability bureau ordinance, 1999 (XVIII of 1999)
Statement of responsibility, etc Ministry of Law, Govt of Pakistan
260 ## - PUBLICATION, DISTRIBUTION, ETC. (IMPRINT)
Place of publication, distribution, etc Islamabad,Pakistan:
Name of publisher, distributor, etc Ministry of Law, Govt of Pakistan,
Date of publication, distribution, etc 2001
300 ## - PHYSICAL DESCRIPTION
Extent 33 p.
546 ## - LANGUAGE NOTE
Language note EN
650 ## - SUBJECT ADDED ENTRY--TOPICAL TERM
Topical term or geographic name as entry element Civil law
942 ## - ADDED ENTRY ELEMENTS (KOHA)
Koha item type Books
Holdings
Withdrawn status Lost status Damaged status Not for loan Home library Current library Date acquired Total Checkouts Full call number Barcode Date last seen Date checked out Price effective from Koha item type
        UMT Main Campus UMT Main Campus 2014-04-09 1 346 MIN-N 25109 2018-10-18 2018-10-04 2014-04-23 Books